000 01274nam a2200241Ia 4500
999 _c56568
_d56568
001 23682
003 GE_BSU
005 20260316173957.0
008 181216s1975||||ge |||||||||||||| ||geo||
020 _a9789941095283
040 _cGE_BSU
041 _ageo
080 _a631.5(459.22)(035) ა-25
245 _aაგროტექნოლოგიური ნორმატივების ცნობარი :
_bფერმერებისა და ბიზნესმენებისათვის /
_cშემდგ. : ავთანდილ კორახაშვილი ; რედ. : თ. სანიკიძე.
250 _aმეორე გამოცემა
264 _aთბილისი :
_b[?],
_c2017.
300 _a204 გვ. :
_bცხრ. ;
_c18 სმ.
541 _h5 ლ.
653 _aაგროტექნოლოგიური ნორმატივების ცნობარი : ფერმერებისა და ბიზნესმენებისათვის
700 _aკორახაშვილი, ავთანდილ
_eშემდგენელი
_95875
700 _aსანიკიძე, თ.
_eრედაქტორი
_927149
942 _cBK
_2udc